00786cam a2200241u 45000010008000000030004000080050017000120080041000290100017000700400019000870430012001060820015001181100037001332450030001702600043002003000055002436510029002987100051003279060045003789420012004239990015004359520094004506509717OSt20230620160730.0821021s1949 enkabc 000 0 eng  a 53027775  aDLCcCarPdDLC ae-uk--- a325.4bCOL1 aGreat Britain.bColonial Office.10aIntroducing the Colonies. aLondon,bH. M. Stationery Off.;c1949. a87 p.billus., ports., maps (1 fold. col.)c18 cm. 0aGreat BritainxColonies.1 aGreat Britain.bCentral Office of Information. a0bcbccpremunvduencipf19gy-gencatlg 2ddccBK c1904d1904 00102ddc4070a002b002d2023-06-20l0o325.4 COLp10000997r2023-06-20w2023-06-20yBK